Swargadeo Rudrasinghar buranji (Record no. 8532)

MARC details
000 -LEADER
fixed length control field 00585cam a2200217ua 4500
001 - CONTROL NUMBER
control field 9496
005 - DATE AND TIME OF LATEST TRANSACTION
control field 20260515114455.0
008 - FIXED-LENGTH DATA ELEMENTS--GENERAL INFORMATION
fixed length control field 151120n ii |||gr||||Z||||||asm
040 ## - CATALOGING SOURCE
Transcribing agency MAIN
041 ## - LANGUAGE CODE
Language code of text/sound track or separate title asm
082 ## - DEWEY DECIMAL CLASSIFICATION NUMBER
Classification number 954.162
245 1# - TITLE STATEMENT
Title Swargadeo Rudrasinghar buranji
Statement of responsibility, etc. ed. by Jugendra Nath Phukan
250 ## - EDITION STATEMENT
Edition statement 1st ed.
260 ## - PUBLICATION, DISTRIBUTION, ETC.
Place of publication, distribution, etc. Guwahati:
Name of publisher, distributor, etc. Anwekshan publication,
Date of publication, distribution, etc. 2014.
300 ## - PHYSICAL DESCRIPTION
Extent xxii, 146p.
653 ## - INDEX TERM--UNCONTROLLED
Uncontrolled term South Asia India
653 ## - INDEX TERM--UNCONTROLLED
Uncontrolled term History of Rudra Singha
700 ## - ADDED ENTRY--PERSONAL NAME
Personal name Phukan, Jugendra Nath,
Relator term Editor.
700 ## - ADDED ENTRY--PERSONAL NAME
Personal name Buragohain, Ye Hom,
Relator term Editor.
942 ## - ADDED ENTRY ELEMENTS (KOHA)
Koha item type Books
Holdings
Withdrawn status Lost status Damaged status Not for loan Home library Current library Shelving location Date acquired Total checkouts Full call number Barcode Date last seen Copy number Price effective from Koha item type
        Naharkatiya College Library Naharkatiya College Library General stacks 09/19/2020   954.162 | SWA 22942 09/19/2020 3 09/19/2020 Books
        Naharkatiya College Library Naharkatiya College Library General stacks 09/19/2020   954.162 | SWA 22943 09/19/2020 2 09/19/2020 Books
        Naharkatiya College Library Naharkatiya College Library General stacks 09/19/2020   954.162 | SWA 22944 09/19/2020 1 09/19/2020 Books